[Event "10th Paul Keres mem"]
[Site "Tallinn URS"]
[Date "1987.04.??"]
[Round "1"]
[White "Gavrikov, Viktor"]
[Black "Romanishin, Oleg"]
[Result "1-0"]
[WhiteElo "2550"]
[BlackElo "2570"]
[EventDate "1987.04.06"]
[PlyCount "113"]

1.d4 Nf6 2.c4 e6 3.Nf3 c5 4.d5 exd5 5.cxd5 d6 6.Nc3 g6 7.e4 Bg7 8.Be2 O-O 
9.O-O Bg4 10.Bf4 Nh5 11.Bg5 Bf6 12.Bxf6 Qxf6 13.Nd2 Bxe2 14.Qxe2 Nd7 15.g3
Rae8 16.Rae1 a6 17.a4 Ng7 18.f4 Nf5 19.Qf2 Nd4 20.Nc4 b5 21.e5 dxe5 22.
Nxe5 Nxe5 23.fxe5 Qxf2+ 24.Rxf2 Kg7 25.axb5 axb5 26.Kf1 Rd8 27.d6 Rfe8 28.
Nd5 Nc6 29.Rfe2 Nd4 30.Re4 Nf3 31.R1e2 Nd4 32.Nc7 Nxe2 33.Nxe8+ Rxe8 34.
Rxe2 Kf8 35.Rd2 c4 36.Rd4 Rb8 37.Ke2 Ke8 38.Ke3 Kd7 39.Rf4 f5 40.Kd4 Ke6 
41.Rf1 Rc8 42.Ra1 c3 43.b3 f4 44.gxf4 c2 45.Rc1 b4 46.Kd3 Rc3+ 47.Kd2 Rf3 
48.Rxc2 Rxf4 49.Rc4 Rf8 50.Re4 g5 51.Kd3 h5 52.Kc4 g4 53.Kc5 Rg8 54.Kc6 
Rc8+ 55.Kb7 Rg8 56.Kc7 Rg7+ 57.Kc6 1-0

[Event "10th Paul Keres mem"]
[Site "Tallinn URS"]
[Date "1987.04.??"]
[Round "1"]
[White "Hodgson, Julian Michael"]
[Black "Van der Sterren, Paul"]
[Result "1-0"]
[WhiteElo "2520"]
[BlackElo "2520"]
[EventDate "1987.04.06"]
[PlyCount "41"]

1.Nf3 d5 2.b3 c5 3.e3 Nf6 4.Bb2 Nc6 5.Bb5 Qb6 6.c4 a6 7.Ba4 dxc4 8.Bxf6 
gxf6 9.bxc4 Rg8 10.Nc3 Rxg2 11.Rb1 Qc7 12.Nd5 Qd6 13.Nb6 Rb8 14.Nxc8 Rxc8 
15.Rxb7 Bh6 16.Nh4 Rxh2 17.Rxh2 Qxh2 18.Qg4 Qh1+ 19.Ke2 Rd8 20.Qg8+ Bf8 
21.Nf3 1-0

[Event "10th Paul Keres mem"]
[Site "Tallinn URS"]
[Date "1987.04.??"]
[Round "1"]
[White "Karlsson, Lars"]
[Black "Yrjola, Jouni"]
[Result "1-0"]
[WhiteElo "2480"]
[BlackElo "2415"]
[EventDate "1987.04.06"]
[PlyCount "113"]

1.Nf3 g6 2.g3 Bg7 3.Bg2 e5 4.O-O Nc6 5.c4 f5 6.Nc3 d6 7.Rb1 Nf6 8.d3 O-O 
9.b4 a6 10.a4 h6 11.b5 axb5 12.axb5 Ne7 13.Bb2 Be6 14.Ra1 Rc8 15.Ra7 b6 
16.Ne1 d5 17.cxd5 Nfxd5 18.Nc2 Nxc3 19.Bxc3 Nd5 20.Bb2 Re8 21.Qa1 Qd7 22.
e4 Ne7 23.Bxe5 Bxe5 24.Qxe5 Bf7 25.Ne3 Qxd3 26.Qf6 Qxb5 27.e5 Qd7 28.Qxb6 
cxb6 29.Rxd7 Rb8 30.Rc1 Kf8 31.Rcc7 b5 32.Rb7 Rxb7 33.Rxb7 Bc4 34.Rb6 Rc8 
35.h4 h5 36.f4 Bd3 37.Kf2 Rc1 38.Bb7 Rb1 39.Nd5 Be4 40.Nxe7 Kxe7 41.Bxe4 
fxe4 42.Ke3 Rb3+ 43.Kxe4 Rxg3 44.Rxb5 Rg1 45.Rb7+ Ke6 46.Rb6+ Ke7 47.Ra6 
Re1+ 48.Kd4 Rd1+ 49.Ke3 Rg1 50.Ra7+ Ke6 51.Rg7 Rg3+ 52.Ke4 Rg4 53.Rxg6+ 
Rxg6 54.f5+ Kf7 55.fxg6+ Kxg6 56.Kd5 Kf7 57.Kd6 1-0

[Event "10th Paul Keres mem"]
[Site "Tallinn URS"]
[Date "1987.04.??"]
[Round "1"]
[White "Kochiev, Alexander"]
[Black "Karner, Hillar"]
[Result "1-0"]
[WhiteElo "2445"]
[BlackElo "2390"]
[EventDate "1987.04.06"]
[PlyCount "131"]

1.d4 Nf6 2.Nf3 b6 3.Bg5 Bb7 4.Nbd2 c5 5.e3 e6 6.Bd3 Be7 7.O-O O-O 8.c3 Nc6
9.a3 Nd5 10.Bxe7 Qxe7 11.Re1 d6 12.g3 Rfd8 13.Qe2 Nf6 14.e4 Nd7 15.Rad1 a5
16.Qe3 a4 17.Bf1 Ba6 18.d5 exd5 19.Bxa6 Rxa6 20.Qd3 Raa8 21.exd5 Nce5 22.
Nxe5 Nxe5 23.Nc4 Nxd3 24.Rxe7 b5 25.Rxd3 bxc4 26.Rf3 f6 27.Rfe3 Kf8 28.
R3e6 Ra6 29.Rb7 Re8 30.Rxe8+ Kxe8 31.Rxg7 Rb6 32.Rxh7 Rxb2 33.h4 Rb3 34.h5
Kf8 35.Rd7 Rxa3 36.Rxd6 Rxc3 37.Rxf6+ Kg7 38.Ra6 a3 39.d6 Rd3 40.Kg2 Kh6 
41.g4 Kg5 42.f3 Kf4 43.d7 Rxd7 44.Rxa3 Rd2+ 45.Kh3 Rd3 46.Ra4 Rxf3+ 47.Kh4
Rc3 48.h6 Rc1 49.Kh5 Ke4 50.h7 Rh1+ 51.Kg6 Kd3 52.Ra5 Kd4 53.Ra1 Rh2 54.
Rd1+ Ke4 55.Kg7 c3 56.h8=Q Rxh8 57.Kxh8 c2 58.Ra1 Kd3 59.g5 Kd2 60.g6 c1=Q
61.Rxc1 Kxc1 62.g7 c4 63.g8=Q c3 64.Qg1+ Kb2 65.Qd4 Kb3 66.Qb6+ 1-0

[Event "10th Paul Keres mem"]
[Site "Tallinn URS"]
[Date "1987.04.??"]
[Round "1"]
[White "Lerner, Konstantin"]
[Black "Malaniuk, Vladimir"]
[Result "0-1"]
[WhiteElo "2555"]
[BlackElo "2575"]
[EventDate "1987.04.06"]
[PlyCount "158"]

1.d4 f5 2.g3 Nf6 3.Bg2 g6 4.Nf3 Bg7 5.O-O O-O 6.c4 d6 7.Nc3 Qe8 8.Qb3 Na6 
9.Bg5 Kh8 10.Nd5 Ng8 11.Bd2 e5 12.dxe5 dxe5 13.e4 c6 14.Nc3 f4 15.gxf4 
exf4 16.e5 g5 17.Rfe1 Nc5 18.Qa3 Nd3 19.Ne4 Nxe1 20.Rxe1 g4 21.Nd4 f3 22.
Bf1 Qxe5 23.Bc3 Qf4 24.Nd6 Bd7 25.Re4 Qg5 26.c5 Nh6 27.Bc4 Nf5 28.N4xf5 
Bxf5 29.Re1 Bg6 30.Bxg7+ Kxg7 31.Qc3+ Kh6 32.Re5 Qf6 33.Qe1 b6 34.Re6 Qf4 
35.Bf1 bxc5 36.Qc3 Rad8 37.Qxc5 Rf6 38.Rxf6 Qxf6 39.Qe3+ Kg7 40.Qxa7+ Kh8 
41.Nc4 Bd3 42.Bxd3 Rxd3 43.Ne3 Rd8 44.Qb6 Qd4 45.Qb3 Qd2 46.Nf1 Qe2 47.
Qc3+ Kg8 48.Qb3+ Kf8 49.Qb4+ Ke8 50.Qc3 Kf7 51.Qa5 Rd1 52.Qf5+ Ke7 53.Qg5+
Ke8 54.Qg8+ Ke7 55.Qg5+ Kd6 56.Qd8+ Kc5 57.Qf8+ Kc4 58.Qf7+ Kd3 59.Qb3+ 
Kd4 60.Qc3+ Kd5 61.Qb3+ Kd6 62.Qb8+ Kc5 63.Qf8+ Kb5 64.Qb8+ Kc4 65.Qg8+ 
Kb4 66.Qb8+ Qb5 67.Qf4+ Ka5 68.Qc7+ Ka6 69.Qc8+ Ka7 70.Qc7+ Ka8 71.Qc8+ 
Ka7 72.Qc7+ Qb7 73.Qa5+ Kb8 74.Qa4 Qd7 75.Qb4+ Kc8 76.Qc3 h5 77.a4 Qe6 78.
Qc2 Qd5 79.Qc3 Qe4 0-1

[Event "10th Paul Keres mem"]
[Site "Tallinn URS"]
[Date "1987.04.??"]
[Round "2"]
[White "Gavrikov, Viktor"]
[Black "Psakhis, Lev"]
[Result "1/2-1/2"]
[WhiteElo "2550"]
[BlackElo "2575"]
[EventDate "1987.04.06"]
[PlyCount "29"]

1.Nf3 c5 2.e4 d6 3.d4 cxd4 4.Nxd4 Nf6 5.Nc3 e6 6.g3 Nc6 7.Bg2 Bd7 8.O-O 
Be7 9.a4 O-O 10.Be3 a6 11.f4 Qc7 12.Kh1 Nxd4 13.Bxd4 Bc6 14.a5 Nd7 15.Qd3 
1/2-1/2

[Event "10th Paul Keres mem"]
[Site "Tallinn URS"]
[Date "1987.04.??"]
[Round "2"]
[White "Karner, Hillar"]
[Black "Hodgson, Julian Michael"]
[Result "0-1"]
[WhiteElo "2390"]
[BlackElo "2520"]
[EventDate "1987.04.06"]
[PlyCount "80"]

1.e4 c6 2.d4 d5 3.exd5 cxd5 4.Bd3 Nc6 5.c3 Nf6 6.Bf4 Bg4 7.Qb3 Qd7 8.Nd2 
e6 9.Ngf3 Bxf3 10.Nxf3 Bd6 11.Bxd6 Qxd6 12.O-O O-O 13.Rfe1 Rab8 14.a4 Rfe8
15.Ne5 Nd7 16.f4 Nf8 17.Rf1 f6 18.Ng4 a6 19.Qc2 b5 20.axb5 axb5 21.Ra6 Qc7
22.Qf2 b4 23.Qg3 Kh8 24.Qh4 f5 25.Ne3 bxc3 26.bxc3 Rb3 27.Nd1 Nb4 28.cxb4 
Rxd3 29.Qf2 Qc4 30.Rb6 Rb3 31.Nb2 Qc7 32.Ra6 Nd7 33.Rfa1 Nf6 34.b5 Rxb5 
35.Nd3 Ne4 36.Qa2 Qc3 37.Rxe6 Reb8 38.Rd1 Qxd4+ 39.Nf2 Qc5 40.Re5 Nc3 0-1

[Event "10th Paul Keres mem"]
[Site "Tallinn URS"]
[Date "1987.04.??"]
[Round "2"]
[White "Romanishin, Oleg"]
[Black "Malaniuk, Vladimir"]
[Result "1/2-1/2"]
[WhiteElo "2570"]
[BlackElo "2575"]
[EventDate "1987.04.06"]
[PlyCount "31"]

1.Nf3 f5 2.d3 d6 3.e4 e5 4.Nc3 Nc6 5.exf5 Bxf5 6.d4 Nxd4 7.Nxd4 exd4 8.
Qxd4 Nf6 9.Bd3 Bxd3 10.Qxd3 c6 11.O-O Be7 12.Ne4 Nxe4 13.Qxe4 O-O 14.c4 
Bf6 15.Be3 d5 16.cxd5 1/2-1/2

[Event "10th Paul Keres mem"]
[Site "Tallinn URS"]
[Date "1987.04.??"]
[Round "2"]
[White "Yrjola, Jouni"]
[Black "Kochiev, Alexander"]
[Result "1/2-1/2"]
[WhiteElo "2415"]
[BlackElo "2445"]
[EventDate "1987.04.06"]
[PlyCount "30"]

1.e4 e5 2.Nf3 Nf6 3.Nxe5 d6 4.Nf3 Nxe4 5.Qe2 Qe7 6.d3 Nf6 7.Bg5 Qxe2+ 8.
Bxe2 Be7 9.Nc3 c6 10.O-O-O Na6 11.Rhe1 Nc7 12.Ne4 Nxe4 13.dxe4 Bxg5+ 14.
Nxg5 Ke7 15.Nf3 Ne6 1/2-1/2

[Event "10th Paul Keres mem"]
[Site "Tallinn URS"]
[Date "1987.04.??"]
[Round "3"]
[White "Hodgson, Julian Michael"]
[Black "Yrjola, Jouni"]
[Result "0-1"]
[WhiteElo "2520"]
[BlackElo "2415"]
[EventDate "1987.04.06"]
[PlyCount "38"]

1.e4 c5 2.f4 d5 3.exd5 Nf6 4.Bb5+ Nbd7 5.c4 a6 6.Ba4 b5 7.cxb5 Nxd5 8.Nf3 
g6 9.Nc3 N5b6 10.d4 Nxa4 11.Qxa4 Bg7 12.Be3 Nb6 13.Qa5 O-O 14.O-O-O axb5 
15.Qxb5 Ba6 16.Qxc5 Nc4 17.Rhe1 Qb8 18.b3 Rc8 19.Qxc8+ Bxc8 0-1

[Event "10th Paul Keres mem"]
[Site "Tallinn URS"]
[Date "1987.04.??"]
[Round "3"]
[White "Karlsson, Lars"]
[Black "Gavrikov, Viktor"]
[Result "0-1"]
[WhiteElo "2480"]
[BlackElo "2550"]
[EventDate "1987.04.06"]
[PlyCount "106"]

1.Nf3 Nf6 2.g3 g6 3.b3 Bg7 4.Bb2 d6 5.Bg2 e5 6.c4 c6 7.d3 Nbd7 8.b4 O-O 9.
O-O Re8 10.Nfd2 d5 11.Nc3 Nb6 12.c5 Nbd7 13.e4 d4 14.Ncb1 a5 15.a3 b6 16.
cxb6 axb4 17.axb4 Rxa1 18.Bxa1 Qxb6 19.Nc4 Qxb4 20.Bb2 Qb8 21.Ba3 c5 22.
Nbd2 Bf8 23.f4 h5 24.Qf3 Bg7 25.fxe5 Nxe5 26.Nxe5 Qxe5 27.Nc4 Qe7 28.Qf4 
Ba6 29.e5 Nd7 30.Bd5 Bxc4 31.dxc4 Rf8 32.Qxd4 Qxe5 33.Qxe5 Bxe5 34.Kg2 Bd4
35.Rd1 Rc8 36.Bc1 Nb6 37.Bf4 Rd8 38.Bc7 Nxd5 39.cxd5 Rxd5 40.Bb6 Rd6 41.
Bc7 Re6 42.h4 Kg7 43.Bf4 Be5 44.Bxe5+ Rxe5 45.Rd7 Kf6 46.Rc7 Ke6 47.Kf3 
Kd6 48.Rc8 Kd5 49.g4 hxg4+ 50.Kxg4 c4 51.Rc7 Rf5 52.h5 Rxh5 53.Rxf7 Re5 
0-1

[Event "10th Paul Keres mem"]
[Site "Tallinn URS"]
[Date "1987.04.??"]
[Round "3"]
[White "Lerner, Konstantin"]
[Black "Van der Sterren, Paul"]
[Result "1/2-1/2"]
[WhiteElo "2555"]
[BlackElo "2520"]
[EventDate "1987.04.06"]
[PlyCount "54"]

1.d4 d5 2.c4 e6 3.Nf3 Nf6 4.Nc3 Be7 5.Bg5 h6 6.Bxf6 Bxf6 7.Qb3 dxc4 8.Qxc4
O-O 9.e3 a6 10.Ne4 Be7 11.Rc1 Bd7 12.Bd3 Bb5 13.Qc2 c6 14.O-O Bxd3 15.Qxd3
Nd7 16.Qb3 Rb8 17.Nfd2 c5 18.dxc5 Nxc5 19.Nxc5 Bxc5 20.Ne4 Be7 21.Rfd1 Qa5
22.Rd7 Rfc8 23.Rc3 Rxc3 24.bxc3 Bf8 25.g3 b5 26.Nd6 Bxd6 27.Rxd6 Rd8 
1/2-1/2

[Event "10th Paul Keres mem"]
[Site "Tallinn URS"]
[Date "1987.04.??"]
[Round "3"]
[White "Malaniuk, Vladimir"]
[Black "Uhlmann, Wolfgang"]
[Result "1/2-1/2"]
[WhiteElo "2575"]
[BlackElo "2525"]
[EventDate "1987.04.06"]
[PlyCount "81"]

1.e4 e6 2.d4 d5 3.e5 c5 4.c3 Nc6 5.Nf3 Qb6 6.a3 c4 7.g3 f6 8.Bh3 fxe5 9.
Nxe5 Nxe5 10.dxe5 Bc5 11.Qh5+ g6 12.Qe2 Bd7 13.Nd2 Ne7 14.Nf3 h6 15.O-O 
O-O-O 16.Re1 Nc6 17.Qc2 Rdf8 18.Bg2 g5 19.Be3 Rf5 20.Bxc5 Qxc5 21.h3 Rhf8 
22.Re3 h5 23.Rf1 g4 24.hxg4 hxg4 25.Nh2 Rxf2 26.Rxf2 Qxe3 27.Nxg4 Qe1+ 28.
Bf1 Rg8 29.Qe2 Qxe2 30.Bxe2 Rg5 31.Rf8+ Kc7 32.Kf2 b5 33.Ke3 Nxe5 34.Nxe5 
Rxe5+ 35.Kf2 Rg5 36.Bf3 a5 37.g4 Kd6 38.Kg3 Rg7 39.Kh4 b4 40.axb4 axb4 41.
g5 1/2-1/2

[Event "10th Paul Keres mem"]
[Site "Tallinn URS"]
[Date "1987.04.??"]
[Round "4"]
[White "Gavrikov, Viktor"]
[Black "Kochiev, Alexander"]
[Result "1/2-1/2"]
[WhiteElo "2550"]
[BlackElo "2445"]
[EventDate "1987.04.06"]
[PlyCount "52"]

1.c4 g6 2.d4 Nf6 3.Nc3 d5 4.Bf4 Bg7 5.e3 c5 6.dxc5 Qa5 7.Rc1 dxc4 8.Bxc4 
O-O 9.Nf3 Qxc5 10.Bb3 Nc6 11.O-O Qa5 12.h3 Bf5 13.Qe2 Ne4 14.Nd5 e5 15.
Rxc6 bxc6 16.Ne7+ Kh8 17.Nxc6 Qb6 18.Ncxe5 Be6 19.Qc2 Bxb3 20.Qxe4 Be6 21.
Ng5 Kg8 22.Nc6 Bxa2 23.Bd6 h6 24.Qxg6 fxg6 25.Ne7+ Kh8 26.Nxg6+ Kg8 
1/2-1/2

[Event "10th Paul Keres mem"]
[Site "Tallinn URS"]
[Date "1987.04.??"]
[Round "4"]
[White "Karner, Hillar"]
[Black "Lerner, Konstantin"]
[Result "0-1"]
[WhiteElo "2390"]
[BlackElo "2555"]
[EventDate "1987.04.06"]
[PlyCount "82"]

1.d4 Nf6 2.Nf3 e6 3.g3 b6 4.Bg2 Bb7 5.c4 Bb4+ 6.Bd2 c5 7.Bxb4 cxb4 8.O-O 
O-O 9.Nbd2 Qe7 10.Re1 d6 11.Qb3 a5 12.Nh4 Bxg2 13.Kxg2 Qb7+ 14.Qf3 Nc6 15.
Rac1 Rac8 16.e3 Qe7 17.Kg1 Nd7 18.Qg2 g6 19.a3 Rc7 20.Nhf3 e5 21.h4 f5 22.
Ng5 Nf6 23.d5 Nd8 24.axb4 axb4 25.Ra1 h6 26.Ngf3 Nb7 27.Ra6 Nd7 28.Ra7 
Ndc5 29.Qf1 Na5 30.Rxc7 Qxc7 31.Ra1 Rc8 32.Qd1 Rb8 33.Qc2 Qf7 34.Kg2 Kg7 
35.b3 Qf6 36.Rb1 Ra8 37.Ra1 g5 38.hxg5 hxg5 39.e4 Rh8 40.Rg1 fxe4 41.Nxe4 
Qf5 0-1

[Event "10th Paul Keres mem"]
[Site "Tallinn URS"]
[Date "1987.04.??"]
[Round "4"]
[White "Romanishin, Oleg"]
[Black "Uhlmann, Wolfgang"]
[Result "1/2-1/2"]
[WhiteElo "2570"]
[BlackElo "2525"]
[EventDate "1987.04.06"]
[PlyCount "101"]

1.d4 Nf6 2.c4 g6 3.g3 Bg7 4.Bg2 O-O 5.Nf3 c6 6.Nc3 d5 7.cxd5 cxd5 8.Ne5 
Nc6 9.Nxc6 bxc6 10.O-O Ba6 11.Bf4 Ne4 12.Bxe4 dxe4 13.Be5 Bxe5 14.dxe5 Qb8
15.Qa4 Qxb2 16.Rfc1 Bb5 17.Qxe4 Qa3 18.Rab1 Rfd8 19.Qf4 Qa6 20.Qe3 Qb6 21.
Qg5 Qd4 22.a4 Bc4 23.e3 Qd7 24.Ne4 Qd5 25.Rb4 Qxe4 26.Rbxc4 Qf3 27.Rd4 
Rxd4 28.exd4 Rd8 29.Qxe7 Rxd4 30.Qxa7 Rd1+ 31.Rxd1 Qxd1+ 32.Kg2 Qd5+ 33.
Kg1 Qd1+ 34.Kg2 Qd5+ 35.f3 h5 36.Qb8+ Kh7 37.Qb2 g5 38.Kf2 g4 39.fxg4 hxg4
40.Qc2+ Kg8 41.Ke3 Qf3+ 42.Kd2 Qd5+ 43.Kc1 Qd4 44.Kb1 c5 45.Ka2 c4 46.Qe2 
Kh8 47.Kb1 Qc5 48.Kc1 Qa3+ 49.Qb2 Qe3+ 50.Kb1 c3 51.Qb8+ 1/2-1/2

[Event "10th Paul Keres mem"]
[Site "Tallinn URS"]
[Date "1987.04.??"]
[Round "4"]
[White "Van der Sterren, Paul"]
[Black "Malaniuk, Vladimir"]
[Result "0-1"]
[WhiteElo "2520"]
[BlackElo "2575"]
[EventDate "1987.04.06"]
[PlyCount "54"]

1.d4 f5 2.g3 Nf6 3.Bg2 g6 4.c4 Bg7 5.Nf3 O-O 6.O-O d6 7.Nc3 Qe8 8.d5 Na6 
9.Nd4 Bd7 10.e4 fxe4 11.Nxe4 Nxe4 12.Bxe4 c5 13.Ne6 Bxe6 14.dxe6 Rb8 15.h4
b5 16.h5 gxh5 17.Kg2 Bd4 18.f4 Kh8 19.Rh1 Rg8 20.Bxh7 Kxh7 21.Rxh5+ Kg7 
22.Qf3 Kf8 23.Rh7 Qc8 24.Qh5 Qxe6 25.f5 Qe4+ 26.Kh2 Bg1+ 27.Kxg1 Qe1+ 0-1

[Event "10th Paul Keres mem"]
[Site "Tallinn URS"]
[Date "1987.04.??"]
[Round "5"]
[White "Hodgson, Julian Michael"]
[Black "Gavrikov, Viktor"]
[Result "0-1"]
[WhiteElo "2520"]
[BlackElo "2550"]
[EventDate "1987.04.06"]
[PlyCount "78"]

1.d4 g6 2.e4 Bg7 3.Nc3 c6 4.Bc4 d6 5.Qf3 e6 6.Nge2 Nd7 7.Bf4 Qe7 8.h4 Ngf6
9.h5 Nxh5 10.Rxh5 gxh5 11.Qg3 Bf8 12.O-O-O e5 13.Bg5 f6 14.Bh4 Nb6 15.Bb3 
Bg4 16.f3 Be6 17.d5 Bd7 18.a4 c5 19.a5 Nc8 20.Bc4 a6 21.f4 Bh6 22.Kb1 b5 
23.axb6 Nxb6 24.Qd3 Nxc4 25.Qxc4 exf4 26.g3 f3 27.Nf4 O-O 28.Ne6 Bb5 29.
Qa2 Bg5 30.Nxf8 Rxf8 31.Qa3 Be2 32.Nxe2 fxe2 33.Re1 Qxe4 34.Qxa6 Re8 35.
Bxg5 fxg5 36.Qxd6 Qd4 37.Qc6 Rb8 38.c3 Qd1+ 39.Ka2 Qb3+ 0-1

[Event "10th Paul Keres mem"]
[Site "Tallinn URS"]
[Date "1987.04.??"]
[Round "5"]
[White "Karlsson, Lars"]
[Black "Romanishin, Oleg"]
[Result "1/2-1/2"]
[WhiteElo "2480"]
[BlackElo "2570"]
[EventDate "1987.04.06"]
[PlyCount "38"]

1.c4 e5 2.g3 Nf6 3.Bg2 d5 4.cxd5 Nxd5 5.Nc3 Nb6 6.Nf3 Nc6 7.O-O Be7 8.a3 
Be6 9.d3 O-O 10.b4 a5 11.b5 Nd4 12.Nd2 c6 13.bxc6 Nxc6 14.Rb1 Rc8 15.Nde4 
a4 16.Be3 Nd4 17.Bxd4 Qxd4 18.e3 Qd8 19.Nxa4 Nxa4 1/2-1/2

[Event "10th Paul Keres mem"]
[Site "Tallinn URS"]
[Date "1987.04.??"]
[Round "5"]
[White "Kochiev, Alexander"]
[Black "Psakhis, Lev"]
[Result "0-1"]
[WhiteElo "2445"]
[BlackElo "2575"]
[EventDate "1987.04.06"]
[PlyCount "78"]

1.d4 e6 2.e4 d5 3.exd5 exd5 4.Bd3 Bd6 5.c3 Nc6 6.Nf3 Nge7 7.O-O Bg4 8.h3 
Bh5 9.Re1 Qd7 10.a4 O-O-O 11.a5 f6 12.b4 Rde8 13.b5 Nd8 14.Nbd2 Ng6 15.
Rxe8 Rxe8 16.Qc2 Nf4 17.Bf5 Nde6 18.b6 a6 19.c4 g6 20.Bxe6 Qxe6 21.cxd5 
Qxd5 22.Ba3 Bxf3 23.Nxf3 Re2 24.Qc3 Re6 25.Kh1 c6 26.Bxd6 Qxd6 27.Re1 Kd7 
28.h4 Rxe1+ 29.Qxe1 Qe6 30.Qd2 Qg4 31.Ne1 Qxh4+ 32.Kg1 Qg5 33.Qb4 Qb5 34.
Qf8 Ne2+ 35.Kf1 Nxd4+ 36.Kg1 Qe2 37.Nf3 Qd1+ 38.Kh2 Nxf3+ 39.gxf3 Qd6+ 0-1

[Event "10th Paul Keres mem"]
[Site "Tallinn URS"]
[Date "1987.04.??"]
[Round "5"]
[White "Lerner, Konstantin"]
[Black "Yrjola, Jouni"]
[Result "1/2-1/2"]
[WhiteElo "2555"]
[BlackElo "2415"]
[EventDate "1987.04.06"]
[PlyCount "100"]

1.d4 Nf6 2.c4 g6 3.Nc3 d5 4.Nf3 Bg7 5.Bg5 Ne4 6.cxd5 Nxg5 7.Nxg5 e6 8.Nf3 
exd5 9.b4 Qd6 10.a3 c6 11.e3 Bf5 12.Be2 Nd7 13.O-O O-O 14.Qb3 Rfe8 15.Na4 
h5 16.Rfc1 Rac8 17.Ra2 Bf6 18.Bd3 Bxd3 19.Qxd3 Rc7 20.Rac2 Rec8 21.Nc5 Be7
22.Nd2 Nb8 23.Qe2 Qd8 24.Ndb3 Bd6 25.Nd3 Qe7 26.Nbc5 b6 27.Nb3 Nd7 28.Rc3 
c5 29.bxc5 bxc5 30.dxc5 Nxc5 31.Ndxc5 Bxc5 32.Qb5 Bd6 33.Rxc7 Rxc7 34.Rd1 
Bxa3 35.Qxd5 Bb4 36.g3 Bc3 37.h4 Kg7 38.Rc1 Bf6 39.Rxc7 Qxc7 40.Na5 Qb6 
41.Nc4 Qe6 42.Qb5 a6 43.Qa4 Kh7 44.Kf1 Kg8 45.Kg1 Kg7 46.Kf1 Be7 47.Kg1 
Kh7 48.Na5 Bc5 49.Nc6 Qd6 50.Nd4 Bxd4 1/2-1/2

[Event "10th Paul Keres mem"]
[Site "Tallinn URS"]
[Date "1987.04.??"]
[Round "5"]
[White "Malaniuk, Vladimir"]
[Black "Karner, Hillar"]
[Result "1-0"]
[WhiteElo "2575"]
[BlackElo "2390"]
[EventDate "1987.04.06"]
[PlyCount "137"]

1.d4 Nf6 2.Nf3 b6 3.c4 e6 4.Nc3 Bb4 5.Bg5 Bb7 6.e3 Bxc3+ 7.bxc3 Qe7 8.Bh4 
d6 9.Nd2 Nbd7 10.Be2 O-O 11.Bf3 Bxf3 12.Qxf3 d5 13.O-O Qa3 14.cxd5 exd5 
15.c4 Qd3 16.Rfd1 c6 17.Rac1 Rfe8 18.cxd5 cxd5 19.Bxf6 Nxf6 20.Nc4 Qe4 21.
Nd6 Qxf3 22.gxf3 Red8 23.Rc6 Kf8 24.Rdc1 Ne8 25.Nb5 Rd7 26.R1c3 Ke7 27.Ra3
Rb7 28.e4 Kd7 29.exd5 a6 30.Ra4 f5 31.Re6 Rbb8 32.Nc3 Nd6 33.Ne2 Rc8 34.
Ra3 Re8 35.Nf4 g5 36.Rxe8 Nxe8 37.Ne6 Nc7 38.Nxc7 Kxc7 39.Re3 Rd8 40.Re5 
h6 41.Rxf5 b5 42.f4 gxf4 43.Kf1 a5 44.Ke2 a4 45.Kd3 Rb8 46.Rf7+ Kd6 47.a3 
Kxd5 48.Rxf4 b4 49.Rf5+ Ke6 50.Re5+ Kf6 51.axb4 Rxb4 52.Ra5 Rb2 53.Ke3 Ra2
54.h4 Ra1 55.Kf4 a3 56.Ra6+ Kg7 57.Ke5 a2 58.Kd5 h5 59.f4 Kf8 60.Ra7 Kg8 
61.f5 Kf8 62.Kd6 Kg8 63.d5 Kf8 64.f6 Kg8 65.Rg7+ Kf8 66.Rg2 Kf7 67.Rf2 Ke8
68.Re2+ Kf7 69.Ke5 1-0

[Event "10th Paul Keres mem"]
[Site "Tallinn URS"]
[Date "1987.04.??"]
[Round "5"]
[White "Oll, Lembit"]
[Black "Gurevich, Mikhail"]
[Result "0-1"]
[WhiteElo "2440"]
[BlackElo "2540"]
[EventDate "1987.04.06"]
[PlyCount "68"]

1.e4 d6 2.d4 Nf6 3.Nc3 g6 4.f4 Bg7 5.Nf3 c5 6.Bb5+ Bd7 7.e5 Ng4 8.e6 Bxb5 
9.exf7+ Kd7 10.Nxb5 Qa5+ 11.Nc3 cxd4 12.Nxd4 h5 13.h3 Nc6 14.Ne2 Nh6 15.
Be3 Rhf8 16.Qd3 Nf5 17.Bf2 Rxf7 18.O-O-O h4 19.a3 Rc8 20.Ne4 Nd8 21.Kb1 
Ne6 22.c4 b6 23.Bxh4 Nxf4 24.Nxf4 Qe5 25.Bf6 Rxf6 26.Nxf6+ Bxf6 27.Qd2 Ne3
28.Nd3 Qd4 29.Rc1 Nxc4 30.Qe2 Nxa3+ 31.Ka2 Nc4 32.Rhd1 Qd5 33.Qg4+ Kd8 34.
Nb4 Qb5 0-1

[Event "10th Paul Keres mem"]
[Site "Tallinn URS"]
[Date "1987.04.??"]
[Round "6"]
[White "Karlsson, Lars"]
[Black "Kochiev, Alexander"]
[Result "0-1"]
[WhiteElo "2480"]
[BlackElo "2445"]
[EventDate "1987.04.06"]
[PlyCount "88"]

1.Nf3 Nf6 2.g3 g6 3.c4 Bg7 4.Bg2 O-O 5.O-O c6 6.d4 d6 7.Nc3 Nbd7 8.h3 e5 
9.d5 c5 10.Ne1 Ne8 11.e4 f5 12.exf5 gxf5 13.Nd3 Qf6 14.a4 Qg6 15.Ra3 h5 
16.h4 Ndf6 17.Ne1 Nc7 18.Ne2 Ng4 19.Nf3 Bd7 20.Ng5 Kh8 21.Bd2 b6 22.Qb1 a5
23.Bh3 Nh6 24.f3 Na6 25.Nc3 Nf7 26.Nce4 Nh6 27.Nc3 Rae8 28.Nb5 Nf7 29.g4 
Nxg5 30.hxg5 e4 31.gxh5 Qxh5 32.fxe4 Rxe4 33.Bg2 Rg4 34.Bf4 Bxb5 35.axb5 
Bd4+ 36.Be3 Qxg5 37.Bxd4+ cxd4 38.Rh3+ Kg7 39.bxa6 Rxg2+ 40.Kh1 Rg3 41.Rh2
Rh8 42.Rxh8 Kxh8 43.Rf2 Kg7 44.Qd1 d3 0-1

[Event "10th Paul Keres mem"]
[Site "Tallinn URS"]
[Date "1987.04.??"]
[Round "6"]
[White "Karner, Hillar"]
[Black "Uhlmann, Wolfgang"]
[Result "1/2-1/2"]
[WhiteElo "2390"]
[BlackElo "2525"]
[EventDate "1987.04.06"]
[PlyCount "80"]

1.d4 Nf6 2.Nf3 g6 3.g3 Bg7 4.Bg2 O-O 5.O-O d6 6.Re1 c6 7.e4 Bg4 8.h3 Bxf3 
9.Qxf3 e5 10.dxe5 dxe5 11.b3 Nbd7 12.Bb2 Re8 13.Nd2 b5 14.a4 a6 15.Qe3 Bf8
16.Nf3 Bc5 17.Qd2 Qe7 18.Re2 Rad8 19.axb5 axb5 20.Qg5 Qf8 21.Ne1 h6 22.Qc1
Bd6 23.Ra6 Rc8 24.Nd3 Nc5 25.Nxc5 Bxc5 26.Rd2 Qe7 27.Rd3 Kh7 28.Bf3 Qb7 
29.Qa1 Ra8 30.Rxa8 Rxa8 31.Qd1 Re8 32.Kg2 Qc7 33.h4 h5 34.Bc1 Be7 35.Qd2 
Rd8 36.Rxd8 Qxd8 37.Qc3 Qd6 38.Be3 Ng4 39.Bxg4 hxg4 40.Qd3 Qxd3 1/2-1/2

[Event "10th Paul Keres mem"]
[Site "Tallinn URS"]
[Date "1987.04.??"]
[Round "6"]
[White "Psakhis, Lev"]
[Black "Hodgson, Julian Michael"]
[Result "1/2-1/2"]
[WhiteElo "2575"]
[BlackElo "2520"]
[EventDate "1987.04.06"]
[PlyCount "69"]

1.d4 Nf6 2.c4 c5 3.d5 b5 4.Nf3 g6 5.cxb5 a6 6.Nc3 axb5 7.d6 Qa5 8.e3 Ba6 
9.a4 Bg7 10.Nd2 c4 11.Rb1 bxa4 12.Qxa4 Qxa4 13.Nxa4 Nd5 14.Nxc4 Bxc4 15.
Bxc4 Rxa4 16.Bxd5 e6 17.Bf3 Be5 18.Bd2 Bxd6 19.Ke2 Ke7 20.Ra1 Rxa1 21.Rxa1
Rc8 22.Be4 f5 23.Bd3 Nc6 24.Bb5 Be5 25.Ra2 Rc7 26.f4 Bd6 27.Ra8 e5 28.g3 
exf4 29.gxf4 Rb7 30.Bxc6 dxc6 31.Bc3 Ke6 32.Kd3 Bc5 33.Rc8 Rd7+ 34.Kc4 
Bxe3 35.Rxc6+ 1/2-1/2

[Event "10th Paul Keres mem"]
[Site "Tallinn URS"]
[Date "1987.04.??"]
[Round "6"]
[White "Romanishin, Oleg"]
[Black "Van der Sterren, Paul"]
[Result "0-1"]
[WhiteElo "2570"]
[BlackElo "2520"]
[EventDate "1987.04.06"]
[PlyCount "122"]

1.e4 e5 2.Nf3 Nc6 3.Bb5 a6 4.Ba4 Nf6 5.O-O Be7 6.Re1 b5 7.Bb3 O-O 8.c3 d6 
9.h3 Bb7 10.d4 Re8 11.Nbd2 Bf8 12.a3 h6 13.Bc2 Nb8 14.b3 Nbd7 15.Bb2 g6 
16.Rb1 c6 17.c4 exd4 18.Bxd4 Bg7 19.b4 Qc7 20.c5 dxc5 21.bxc5 Nh5 22.Nb3 
Ne5 23.Nxe5 Bxe5 24.Bxe5 Qxe5 25.Qd7 Bc8 26.Qd4 Qg5 27.Qe3 Nf4 28.Qg3 Qxg3
29.fxg3 Ne6 30.e5 a5 31.Rbd1 a4 32.Nd4 Nxc5 33.Nxc6 Be6 34.Rd6 Kg7 35.Bd1 
Bc4 36.Bf3 Rac8 37.Re3 Rc7 38.g4 Re6 39.Rc3 Rd7 40.Rxd7 Nxd7 41.Re3 f6 42.
exf6+ Kxf6 43.Kf2 Ne5 44.Nb4 Rd6 45.Be4 Rd2+ 46.Ke1 Rd4 47.Bc2 g5 48.Re4 
Rxe4+ 49.Bxe4 Bb3 50.Kd2 Nc4+ 51.Kc3 Nxa3 52.Bc6 Ke5 53.g3 Kd6 54.Be8 Kc5 
55.Nd3+ Kb6 56.h4 Ka5 57.Ne5 Nc2 58.hxg5 hxg5 59.Nf3 b4+ 60.Kb2 Ne3 61.
Nxg5 Bd5 0-1

[Event "10th Paul Keres mem"]
[Site "Tallinn URS"]
[Date "1987.04.??"]
[Round "6"]
[White "Yrjola, Jouni"]
[Black "Malaniuk, Vladimir"]
[Result "0-1"]
[WhiteElo "2415"]
[BlackElo "2575"]
[EventDate "1987.04.06"]
[PlyCount "56"]

1.d4 f5 2.c4 Nf6 3.g3 g6 4.Bg2 Bg7 5.Nf3 d6 6.O-O O-O 7.Nc3 Qe8 8.d5 Na6 
9.Nd4 Bd7 10.e4 fxe4 11.Nxe4 Nxe4 12.Bxe4 c6 13.Be3 Nc7 14.Rb1 c5 15.Nf3 
Bg4 16.Re1 b5 17.h3 Bxh3 18.Ng5 Bf5 19.Bf4 Qd7 20.cxb5 Bxe4 21.Rxe4 Qf5 
22.Rxe7 h6 23.Rxc7 hxg5 24.Be3 Rae8 25.Rc1 Rxe3 26.fxe3 Qh3 27.Rc2 Qxg3+ 
28.Rg2 Qxe3+ 0-1

[Event "10th Paul Keres mem"]
[Site "Tallinn URS"]
[Date "1987.04.??"]
[Round "7"]
[White "Kochiev, Alexander"]
[Black "Romanishin, Oleg"]
[Result "1/2-1/2"]
[WhiteElo "2445"]
[BlackElo "2570"]
[EventDate "1987.04.06"]
[PlyCount "36"]

1.d4 Nf6 2.Nf3 g6 3.Bg5 Bg7 4.Nbd2 O-O 5.e4 d6 6.c3 Qe8 7.Bc4 Nc6 8.O-O e5
9.Re1 h6 10.Bh4 Nh5 11.dxe5 Nxe5 12.Nxe5 Qxe5 13.a4 Qf4 14.Bg3 Nxg3 15.
hxg3 Qg5 16.Nf3 Qe7 17.Bb3 Rb8 18.Re3 c6 1/2-1/2